[Event "Bad Godesberg op 15th"]
[Site "Bad Godesberg"]
[Date "2011.07.28"]
[Round "6"]
[White "Huenting, Fabian"]
[Black "Karwatzki, Hans Juergen"]
[Result "0-1"]
[WhiteElo "750"]
[BlackElo "1562"]
[PlyCount "108"]
[EventDate "2011.07.23"]
[EventType "swiss"]
[EventRounds "9"]
[EventCountry "GER"]
[SourceTitle "EXT 2017"]
[Source "ChessBase"]
[SourceDate "2016.10.25"]
[SourceVersion "1"]
[SourceVersionDate "2016.10.25"]
[SourceQuality "1"]

1. d4 Nf6 2. Nf3 d5 3. e3 e6 4. c4 c5 5. dxc5 Bxc5 6. cxd5 exd5 7. Bb5+ Nc6 8. Nc3 0-0 9. e4 d4 10. e5 Ng4 11. Bxc6 dxc3 12. Qxd8 Rxd8 13. Bg5 f6 14. exf6 gxf6 15. Rd1 Rxd1+ 16. Kxd1 Nxf2+ 17. Ke2 Nxh1 18. Bd5+ Kg7 19. bxc3 fxg5 20. Nxg5 Bg4+ 21. Kd3 Re8 22. h3 Nf2+ 23. Kc4 Be2+ 24. Kb3 Re5 25. Ne6+ Rxe6 26. Bxe6 Bd1+ 27. Kc4 b6 28. a4 Ne4 29. Kb5 Nxc3+ 30. Ka6 Nxa4 31. Bc8 Be2+ 32. Kb7 b5 33. Kc6 b4 34. Bf5 a6 35. g4 Bf3+ 36. Kc7 h6 37. h4 Kf7 38. g5 hxg5 39. hxg5 Ke7 40. g6 Bb6+ 41. Kc8 Nc5 42. g7 Kf7 43. g8Q+ Kxg8 44. Be6+ Kf8 45. Bd7 Ke7 46. Bc6 Bxc6 47. Kb8 Ne4 48. Kc8 Nd6+ 49. Kb8 Nb5 50. Kc8 Bd5 51. Kb8 Kd6 52. Kc8 Ke6 53. Kb8 Bc6 54. Kc8 Nd6+ 0-1

[Event "Bad Godesberg op 15th"]
[Site "Bad Godesberg"]
[Date "2011.07.27"]
[Round "5"]
[White "Karwatzki, Hans Juergen"]
[Black "Schardt, Till"]
[Result "0-1"]
[WhiteElo "1562"]
[BlackElo "1323"]
[PlyCount "72"]
[EventDate "2011.07.23"]
[EventType "swiss"]
[EventRounds "9"]
[EventCountry "GER"]
[SourceTitle "EXT 2017"]
[Source "ChessBase"]
[SourceDate "2016.10.25"]
[SourceVersion "1"]
[SourceVersionDate "2016.10.25"]
[SourceQuality "1"]

1. e4 e5 2. f4 d6 3. Nf3 Nc6 4. Bc4 Bg4 5. 0-0 Nf6 6. d3 g6 7. c3 Bg7 8. Qb3 0-0 9. Ng5 Qd7 10. f5 Na5 11. Qb4 Nxc4 12. Qxc4 Rac8 13. h3 d5 14. Qb3 Be2 15. Rf2 Bxd3 16. Nd2 Ba6 17. Qc2 Bh6 18. Ngf3 Be3 19. Nxe5 Bxf2+ 20. Kxf2 Qd6 21. Ng4 Nxg4+ 22. hxg4 Qf4+ 23. Kg1 Qxg4 24. f6 Qe6 25. Nf3 dxe4 26. Ng5 Qxf6 27. Be3 Bd3 28. Qd2 b6 29. Bd4 Qf5 30. Qe3 c5 31. Qg3 cxd4 32. Qh4 h5 33. Re1 Qg4 34. Qxg4 hxg4 35. Nxe4 Bxe4 36. Rxe4 dxc3 0-1

[Event "Bad Godesberg op 15th"]
[Site "Bad Godesberg"]
[Date "2011.07.24"]
[Round "2"]
[White "Pislaru, Marius Alexander"]
[Black "Karwatzki, Hans Juergen"]
[Result "0-1"]
[WhiteElo "1313"]
[BlackElo "1562"]
[PlyCount "46"]
[EventDate "2011.07.23"]
[EventType "swiss"]
[EventRounds "9"]
[EventCountry "GER"]
[SourceTitle "EXT 2017"]
[Source "ChessBase"]
[SourceDate "2016.10.25"]
[SourceVersion "1"]
[SourceVersionDate "2016.10.25"]
[SourceQuality "1"]

1. e4 e5 2. Nf3 Nc6 3. d4 exd4 4. Nxd4 Bc5 5. Be3 Qf6 6. c3 Nge7 7. Nd2 0-0 8. Nxc6 Qxc6 9. Bc4 d6 10. 0-0 Be6 11. Bxe6 fxe6 12. Bxc5 Qxc5 13. Qb3 Rf6 14. Qxb7 Raf8 15. b4 Qg5 16. Nc4 Ng6 17. g3 Nf4 18. Rad1 Ne2+ 19. Kg2 Qg4 20. Nd2 Nf4+ 21. Kg1 Qh3 22. e5 Rh6 23. Qh1 Ne2# 0-1

[Event "Leverkusen Bayer op 9th"]
[Site "Leverkusen"]
[Date "2011.01.10"]
[Round "1"]
[White "Rotstein, Jefim"]
[Black "Karwatzki, Hans Juergen"]
[Result "1-0"]
[WhiteElo "2322"]
[BlackElo "1744"]
[PlyCount "53"]
[EventDate "2011.01.10"]
[EventType "swiss"]
[EventRounds "7"]
[EventCountry "GER"]
[SourceTitle "EXT 2012"]
[Source "ChessBase"]
[SourceDate "2011.11.24"]
[SourceVersion "1"]
[SourceVersionDate "2011.11.24"]
[SourceQuality "1"]

1. d4 Nf6 2. Nf3 d5 3. e3 Bg4 4. c4 e6 5. Qb3 Qc8 6. Ne5 Bf5 7. Nc3 c6 8. Be2 Bd6 9. g4 Bg6 10. h4 h6 11. Nxg6 fxg6 12. Qc2 Qc7 13. Qxg6+ Kd8 14. Bd2 Rf8 15. g5 Ne4 16. Nxe4 dxe4 17. gxh6 Rf6 18. Qxg7 Qxg7 19. hxg7 Rg6 20. 0-0-0 Rxg7 21. Rdg1 Rxg1+ 22. Rxg1 Nd7 23. Rg8+ Nf8 24. h5 Ke7 25. c5 Bh2 26. h6 Kf7 27. h7 1-0

[Event "Troisdorf op "]
[Site "Troisdorf"]
[Date "2010.12.07"]
[Round "7"]
[White "Raabe, Joachim"]
[Black "Karwatzki, Hans Juergen"]
[Result "1-0"]
[WhiteElo "1835"]
[BlackElo "1596"]
[PlyCount "53"]
[EventDate "2010.10.26"]
[EventType "swiss"]
[EventRounds "7"]
[EventCountry "GER"]
[SourceTitle "EXT 2013"]
[Source "ChessBase"]
[SourceDate "2012.11.22"]
[SourceVersion "1"]
[SourceVersionDate "2012.11.22"]
[SourceQuality "1"]

1. e4 e5 2. Nf3 Nc6 3. Bc4 Nf6 4. d3 Bc5 5. c3 d6 6. b4 Bb6 7. a4 a6 8. Be3 0-0 9. Bxb6 cxb6 10. 0-0 Ne7 11. Nbd2 Ng6 12. d4 d5 13. exd5 Nxd5 14. dxe5 Bg4 15. Ne4 Ndf4 16. Qxd8 Raxd8 17. e6 fxe6 18. Nd4 Nh4 19. f3 Bh5 20. Ng5 Rc8 21. Ba2 Rxc3 22. g3 Nxf3+ 23. Ndxf3 Ne2+ 24. Kh1 Bxf3+ 25. Nxf3 Rfxf3 26. Bxe6+ Kf8 27. Bg4 1-0

[Event "Troisdorf op "]
[Site "Troisdorf"]
[Date "2010.11.23"]
[Round "5"]
[White "Koopmeiners, Karl"]
[Black "Karwatzki, Hans Juergen"]
[Result "1-0"]
[WhiteElo "2027"]
[BlackElo "1596"]
[PlyCount "51"]
[EventDate "2010.10.26"]
[EventType "swiss"]
[EventRounds "7"]
[EventCountry "GER"]
[SourceTitle "EXT 2013"]
[Source "ChessBase"]
[SourceDate "2012.11.22"]
[SourceVersion "1"]
[SourceVersionDate "2012.11.22"]
[SourceQuality "1"]

1. d4 Nf6 2. c4 e5 3. dxe5 Ng4 4. Bf4 Nc6 5. Nf3 Bc5 6. e3 f6 7. exf6 Qxf6 8. Qd2 d6 9. Nc3 Bb4 10. Rc1 0-0 11. Be2 Be6 12. a3 Bxc3 13. Qxc3 a5 14. Qxf6 Nxf6 15. c5 Ne4 16. cxd6 Nxd6 17. 0-0 Bg4 18. h3 Bh5 19. Rc5 Bg6 20. Ne5 Nd4 21. Bg4 Nc6 22. Nxc6 bxc6 23. Rxc6 Rab8 24. Rxc7 Rbd8 25. Rfc1 Nf5 26. Be5 1-0

[Event "Troisdorf op "]
[Site "Troisdorf"]
[Date "2010.11.16"]
[Round "4"]
[White "Spira, Uwe"]
[Black "Karwatzki, Hans Juergen"]
[Result "0-1"]
[WhiteElo "1759"]
[BlackElo "1596"]
[PlyCount "56"]
[EventDate "2010.10.26"]
[EventType "swiss"]
[EventRounds "7"]
[EventCountry "GER"]
[SourceTitle "EXT 2013"]
[Source "ChessBase"]
[SourceDate "2012.11.22"]
[SourceVersion "1"]
[SourceVersionDate "2012.11.22"]
[SourceQuality "1"]

1. e4 e5 2. Nf3 Nc6 3. Bb5 Nf6 4. 0-0 Bc5 5. c3 0-0 6. d4 Bb6 7. Bg5 d6 8. d5 Nb8 9. Nbd2 Nbd7 10. Qc2 a6 11. Be2 Qe8 12. h3 h6 13. Be3 g5 14. b4 Kh8 15. Kh2 Rg8 16. g4 Nf8 17. Nc4 Ba7 18. Rg1 Ng6 19. Raf1 Nf4 20. Bxf4 gxf4 21. Nh4 Rg5 22. Bd3 Qg8 23. Qe2 Qg7 24. Nf5 Bxf5 25. gxf5 Rg8 26. Rxg5 Qxg5 27. Qf3 h5 28. Na5 Qh4 0-1